Lecciones elementales de geometría con nociones de dibujo lineal y de agrimensura. Segundo grado o curso medio

Gespeichert in:
Bibliographische Detailangaben
Format: keine Angabe
Sprache:Spanisch
Erschienen: Madrid Bruño 1962
Katalog:MANES:  Suchergebnis im Bibliothekskatalog
Schulbuchspezifische Eigenschaften:
Tags: Tag hinzufügen
Keine Tags, Fügen Sie den ersten Tag hinzu!
Hinzugefügt zu:26.04.2016

MARC

LEADER 000000000a22000000004500
001 00258
003 OSt
008 160427s sp ||||| |||| 00| 0 spa d
040 |c centro_manes 
041 1 |a spa 
691 7 |a FP  |a PRI 
245 0 0 |a Lecciones elementales de geometría con nociones de dibujo lineal y de agrimensura. Segundo grado o curso medio 
260 3 |a Madrid  |b Bruño  |c 1962 
300 |a 244 p.  |c 20x14 cm 
500 |a Fecha de publicación tomada del Copyright 
690 7 |a EA 
690 0 |a MATE 
942 |2 ddc  |c BK 
546 |a España 
999 |c 6232  |d 6232 
999 |c manes:6232  |d 6232